MTV Shows - Statistics

General Stats
  • This quiz has been taken 9 times
  • The average score is 12 of 20
Answer Stats
Hint Answer % Correct
This group of idiots do idiotic stunts. Could also be referred to as a donkey. Jackass
89%
The guidos and guidettes fist pump the night away while living in a house together. Jersey Shore
89%
Check out the homes of celebrities, athletes, and musicians. Cribs
78%
Join Xzibit as he takes your clunker of a car and makes it pimpworthy. Pimp My Ride
78%
Nev tracks down the true identities of love interests found online. Catfish
67%
Claymation celebrities and icons fight to the death. Celebrity Deathmatch
67%
These bratty 15 year olds get insane parties for their 16th birthday. My Super Sweet 16
67%
Ashton Kutcher plays pranks on celebrities. Punk'd
67%
The chaotic daily life of Ozzy and his family. The Osbournes
67%
The "true" story of strangers picked to live in a house and things start getting real. The Real World
67%
SHHHHHH! The contestants of this game show must be quiet as they take on challenges. Silent Library
56%
Teenage girls after they have went through pregnancy and now have to raise a child. Teen Mom
56%
Following the personal lives of Heidi, Audrina, and Kristin in Los Angeles. The Hills
56%
Iconic animated slacker teenagers known for making crude jokes and juvenile behavior. Beavis and Butthead
44%
A former skateboarder plays some of the funniest and dumbest videos found on the internet. Ridiculousness
44%
Docuseries that provides a first person perspective on subcultures and life situations. True Life
44%
One of the main stars of the previous show and his crew skateboard and terrorize his parents and uncle. Viva La Bam
44%
Following a group of teenagers in Orange Beach, California Laguna Beach
33%
Strangers travel together to complete challenges. Road Rules
33%
Two other stars from the show travel the world and do dumb things with animals. Wildboyz
33%
No matching quizzes found
Score Distribution
Percent of People with Each Score
Percentile by Number Answered
Your Score History
You have not taken this quiz